Statistiques concernant Culture Générale - Série 590

Cliquez ici pour prendre le quiz!

Statistiques générales

  • Ce quiz a été pris 316 fois
  • Le résultat moyen est 7 sur 10

Statistiques - réponses

QuestionRéponse% Correct
Dans quelle ville d'Angleterre, au célèbre club de football, les habitants sont-ils appelés les Mancuniens ?Manchester
95%
De quel instrument joue spécifiquement un corniste ?cor
93%
Dans quel jeu de parcours faut-il arriver sur la case 63 pour gagner ?Le jeu de l'oie
91%
Quelle danse, qui fit la renommée de Fred Astaire, nécessite de porter des chaussures munies de lames de métal ?claquettes
82%
Qui a animé les différentes éditions de la Star Academy ?Nikos Aliagas
73%
Quel mot désigne, au féminin, l'enveloppe piquante d'une châtaigne et, au masculin, une anomalie dans un programme informatique ?bogue
70%
Quel est l'instrument de prédilection de Jerry Lee Lewis ?piano
67%
Quel instrument au bruit bourdonnant a fait fureur en 2010, dans les stades sud-africains de la Coupe du monde?vuvuzela
67%
Lorsqu'on appuie sur la détente d'une arme à feu, quelle pièce interne libère le chien et permet au coup de partir ?gâchette
35%
Quel est le prénom du fils de Carla Bruni-Sarkozy, né en 2001 ?Aurélien
8%

Distribution des résultats

Percentile par nombre de réponses

% des personnes avec chaque résultat

Votre développement - résultats

Vous n’avez pas pris ce quiz